000 00696nam a2200229 i 4500
003 DO-SdBNP
005 20250110125334.0
008 280110s1913 000 spa d
040 _aDO-SdBNP
_bspa
_cBNPHU
_erda
041 _hspa
082 _axxx
_bM894c
_222
100 _aMoscoso Puello, Francisco Eugenio,
_eautor
_986888
245 0 0 _aCartas a Evelina /
_cFrancisco Eugenio Moscoso Puello
264 _aSan Pedro de Macoris :
_bLa Cuna de América,
_c1913
300 _a224 páginas ;
_c19 cm
336 _ardacontent
_btexto
_2txt
337 _ardamedia
_bsin mediación
_2n
338 _ardacarrier
_bvolumen
_2nc
590 _aInventariado, 2025/DG
910 _aDG
942 _2ddc
_cLBS1
999 _c31708
_d31708